000 00996nam a2200241 a 4500
008 060316s1993 ||||||||||||||||| || u
020 _a0070632375
050 _aTD 791 Tch
100 _aVigil, Samuel
245 1 0 _aIntegrated solid waste management : engineering principles and management issues
246 _aengineering principles and management issues
260 _aNew York :
_bMcGraw-Hill
_c1993
300 _axxi, 978 p. : ill.
350 _a0.00
490 _aMcGraw-Hill series in water resources and environmental engineering
650 _aREFUSE AND REFUSE DISPOSAL
650 _aHAZARDOUS WASTES
700 _aTchobanoglous, George
700 _aTheisen, Hilary
856 _uhttp://www.loc.gov/catdir/toc/mh021/92035582.html
856 _uhttp://www.loc.gov/catdir/description/mh022/92035582.html
995 _D0.00
_FCBU-MAIN LIBRARY (Kitwe)
_H1
_I30.00
_M1
_UAVAILABLE
_WJul 6, 2006
_ZMain Library Open Access Collection
999 _c47146
_d47146